[Event "London Menchik Memorial Blitz op"]
[Site "London"]
[Date "2024.09.01"]
[Round "3"]
[White "Clery, Liam"]
[Black "Sagues, Vincent"]
[Result "1-0"]
[WhiteElo "2000"]
[BlackElo "1892"]
[PlyCount "127"]
[EventDate "2024.09.01"]
[EventType "swiss (blitz)"]
[EventRounds "9"]
[EventCountry "ENG"]
[SourceTitle "CBM 221 Extra"]
[Source "ChessBase"]
[SourceDate "2024.09.30"]
[SourceVersion "1"]
[SourceVersionDate "2024.09.30"]
[SourceQuality "1"]

1. e4 d5 2. exd5 Qxd5 3. Nc3 Qd8 4. Bc4 Nf6 5. Nf3 a6 6. a4 e6 7. 0-0 Be7 8. d4 0-0 9. Bf4 Nbd7 10. a5 c5 11. d5 exd5 12. Nxd5 Nxd5 13. Qxd5 Nf6 14. Qxd8 Rxd8 15. Rfe1 Bf8 16. Ne5 Be6 17. Bxe6 fxe6 18. Nc4 Nd5 19. Bg3 Nb4 20. Rac1 g6 21. Rxe6 Rd4 22. Nb6 Rad8 23. c3 Rd1+ 24. Re1 Rxc1 25. Rxc1 Nd3 26. Rd1 Re8 27. Nc4 Re2 28. Kf1 Nxb2 29. Kxe2 Nxc4 30. Bc7 Bg7 31. Rb1 Bxc3 32. Rxb7 Nxa5 33. Bxa5 Bxa5 34. Ra7 Bc3 35. Rxa6 Bd4 36. f3 Kf7 37. Kd3 h5 38. Ke4 Kg7 39. Rd6 Bg1 40. h3 Kf7 41. Rc6 Ke7 42. Rxg6 Kd7 43. Kd5 h4 44. f4 Ke7 45. f5 Bf2 46. Rc6 Kf7 47. Ke5 Bg3+ 48. Ke4 Bf2 49. Kf3 Bd4 50. g3 hxg3 51. Kxg3 Ke7 52. Kg4 Kd7 53. Ra6 c4 54. Ra2 c3 55. Kf4 Ke7 56. Ke4 Bf6 57. Rc2 Kf7 58. Kd3 Kg7 59. Ke4 Kh6 60. Kd5 Kg5 61. Ke6 Bh8 62. Rg2+ Kf4 63. f6 Kf3 64. Rc2 1-0

[Event "London Menchik Memorial Blitz op"]
[Site "London"]
[Date "2024.09.01"]
[Round "8"]
[White "Mozaffari, Mohammad Hossein"]
[Black "Clery, Liam"]
[Result "0-1"]
[WhiteElo "1854"]
[BlackElo "2000"]
[PlyCount "134"]
[EventDate "2024.09.01"]
[EventType "swiss (blitz)"]
[EventRounds "9"]
[EventCountry "ENG"]
[SourceTitle "CBM 221 Extra"]
[Source "ChessBase"]
[SourceDate "2024.09.30"]
[SourceVersion "1"]
[SourceVersionDate "2024.09.30"]
[SourceQuality "1"]

1. e4 Nf6 2. Nc3 e5 3. Nf3 Nc6 4. Bc4 Nxe4 5. Nxe4 d5 6. Bd3 dxe4 7. Bxe4 Bd6 8. d3 Bg4 9. h3 Bh5 10. g4 Bg6 11. Bg5 f6 12. Bh4 Qd7 13. a3 Bxe4 14. dxe4 h5 15. g5 Qe6 16. Qd5 Qxd5 17. exd5 Ne7 18. 0-0-0 f5 19. Rhe1 Ng6 20. Bg3 f4 21. Bh2 b5 22. Nd4 a6 23. Nc6 Kd7 24. f3 Rhe8 25. Bg1 Nh4 26. Rd3 Ng6 27. Bf2 h4 28. Rd2 Rf8 29. Rde2 Rae8 30. Re4 Rf5 31. Rg1 Rh8 32. a4 Rh5 33. axb5 axb5 34. Kd2 Rhxg5 35. Ra1 Rg2 36. Ra8 Rf8 37. Rxf8 Bxf8 38. Ke1 Bd6 39. Kf1 Rg5 40. Re1 Rh5 41. Ra1 Ne7 42. Nxe7 Bxe7 43. Ra5 b4 44. Ra6 Rf5 45. Rg6 Rg5 46. Ra6 Rf5 47. Ke2 Rf6 48. Ra7 Rd6 49. Ra5 Rb6 50. Kd3 Rb7 51. Ke4 Bd6 52. Kf5 Rb8 53. Kg6 Re8 54. Bxh4 e4 55. fxe4 Rxe4 56. Ra8 c6 57. Ra7+ Bc7 58. dxc6+ Kxc6 59. Ra1 f3 60. Rf1 Rxh4 61. Rxf3 Be5 62. b3 Bc3 63. Kg5 Rh6 64. Rd3 Kc5 65. Rd8 Bf6+ 66. Kg4 Bxd8 67. h4 Rxh4+ 0-1

[Event "London Menchik Memorial Blitz op 1st"]
[Site "London"]
[Date "2024.08.31"]
[Round "5"]
[White "Clery, Liam"]
[Black "Patel, Zain"]
[Result "0-1"]
[WhiteElo "1952"]
[BlackElo "1996"]
[PlyCount "128"]
[EventDate "2024.08.31"]
[EventType "swiss (blitz)"]
[EventRounds "9"]
[EventCountry "ENG"]
[SourceTitle "EXT 2025"]
[Source "ChessBase"]
[SourceDate "2024.10.14"]
[SourceVersion "1"]
[SourceVersionDate "2024.10.14"]
[SourceQuality "1"]

1. e4 b6 2. d4 Bb7 3. Bd3 e6 4. c3 c5 5. Nf3 Nf6 6. Nbd2 d5 7. e5 Ne4 8. Qe2 Nxd2 9. Bxd2 Nc6 10. 0-0 Be7 11. a3 0-0 12. b4 cxd4 13. cxd4 Rc8 14. Rac1 Qd7 15. Bb1 Nb8 16. Qe3 Rc4 17. Bd3 Rxc1 18. Rxc1 Rc8 19. Rxc8+ Qxc8 20. Bb1 Nd7 21. Qd3 Nf8 22. Qc2 Qc4 23. Qxc4 dxc4 24. Ne1 Nd7 25. Ba2 Bd5 26. Bc3 b5 27. Nc2 Nb6 28. Ne3 Na4 29. Ba1 Bd8 30. Kf1 a5 31. bxa5 Bxa5 32. Ke2 Bc3 33. Bxc3 Nxc3+ 34. Kd2 Nxa2 35. Nc2 Be4 36. Ne3 c3+ 37. Kd1 b4 38. axb4 Nxb4 39. f3 c2+ 40. Kd2 Na2 41. Nxc2 Bxc2 42. Kxc2 Nb4+ 43. Kc3 Nd5+ 44. Kd2 Kf8 45. g3 h5 46. Kd3 Ke7 47. Ke4 g6 48. g4 hxg4 49. fxg4 g5 50. h3 Nf4 51. h4 Ng6 52. hxg5 Kd7 53. d5 exd5+ 54. Kxd5 Ne7+ 55. Ke4 Ke6 56. Kd4 Nc6+ 57. Ke4 Nxe5 58. Kf4 Ng6+ 59. Ke4 Ne7 60. Kf4 Kd5 61. g6 fxg6 62. Kg5 Ke5 63. Kh6 Kf4 64. g5 Kf5 0-1

[Event "London Menchik Memorial Blitz op 1st"]
[Site "London"]
[Date "2024.08.31"]
[Round "4"]
[White "Fortunato, Bartolomeo"]
[Black "Clery, Liam"]
[Result "0-1"]
[WhiteElo "1633"]
[BlackElo "1952"]
[PlyCount "96"]
[EventDate "2024.08.31"]
[EventType "swiss (blitz)"]
[EventRounds "9"]
[EventCountry "ENG"]
[SourceTitle "EXT 2025"]
[Source "ChessBase"]
[SourceDate "2024.10.14"]
[SourceVersion "1"]
[SourceVersionDate "2024.10.14"]
[SourceQuality "1"]

1. e4 Nf6 2. e5 Nd5 3. c4 Nb6 4. c5 Nd5 5. Bc4 e6 6. d4 d6 7. cxd6 cxd6 8. Nf3 Nb6 9. Bb5+ Bd7 10. Bxd7+ N8xd7 11. Nc3 dxe5 12. dxe5 Be7 13. 0-0 0-0 14. Be3 Bc5 15. Qe2 Qe7 16. a3 Rac8 17. Rac1 a6 18. Ne4 Bxe3 19. Qxe3 Nd5 20. Qg5 Qxg5 21. Nexg5 Nc5 22. Nd2 Nd3 23. Rxc8 Rxc8 24. b4 Nxe5 25. f4 Nd3 26. Nde4 Rc2 27. h4 N3xf4 28. g3 Ne2+ 29. Kh1 f5 30. Nc5 Nxg3+ 31. Kg1 Nxf1 32. Kxf1 e5 33. Nxb7 Nb6 34. Nc5 Nc4 35. Nxa6 Nxa3 36. Ne6 f4 37. Nec5 f3 38. Ne4 Nb5 39. Nac5 Nd4 40. Nd3 h6 41. Nxe5 Re2 42. Nxf3 Rxe4 43. Nd2 Rxh4 44. Ke1 Nc2+ 45. Kd1 Nxb4 46. Nf3 Rf4 47. Ke2 Rxf3 48. Kxf3 Kf7 0-1

[Event "London Menchik Memorial Blitz op 1st"]
[Site "London"]
[Date "2024.08.31"]
[Round "9"]
[White "Jakcsiova, Viktoria"]
[Black "Clery, Liam"]
[Result "0-1"]
[WhiteElo "1277"]
[BlackElo "1952"]
[PlyCount "66"]
[EventDate "2024.08.31"]
[EventType "swiss (blitz)"]
[EventRounds "9"]
[EventCountry "ENG"]
[SourceTitle "EXT 2025"]
[Source "ChessBase"]
[SourceDate "2024.10.14"]
[SourceVersion "1"]
[SourceVersionDate "2024.10.14"]
[SourceQuality "1"]

1. d4 f5 2. c4 Nf6 3. g3 g6 4. Bg2 Bg7 5. Nc3 0-0 6. Nf3 d6 7. 0-0 Qe8 8. Qb3 Nbd7 9. c5+ Kh8 10. cxd6 exd6 11. Bg5 Nb6 12. Rfe1 Be6 13. Qc2 h6 14. Bf4 g5 15. Bd2 Qh5 16. h3 Nc4 17. Nb5 c6 18. Nc7 Nxd2 19. Nxe6 Nxf3+ 20. Bxf3 Qxh3 21. Nxf8 Rxf8 22. Bg2 Qh5 23. Qxf5 Ng4 24. Qxf8+ Bxf8 25. Kf1 Qf7 26. f3 Ne3+ 27. Kf2 Nc2 28. Rh1 Nxa1 29. Rxa1 Bg7 30. Re1 Bxd4+ 31. e3 Bb6 32. Rd1 Qe6 33. f4 Qxe3+ 0-1

[Event "London Menchik Memorial Blitz op 1st"]
[Site "London"]
[Date "2024.08.31"]
[Round "6"]
[White "Sagues, Vincent"]
[Black "Clery, Liam"]
[Result "0-1"]
[WhiteElo "1892"]
[BlackElo "1952"]
[PlyCount "42"]
[EventDate "2024.08.31"]
[EventType "swiss (blitz)"]
[EventRounds "9"]
[EventCountry "ENG"]
[SourceTitle "EXT 2025"]
[Source "ChessBase"]
[SourceDate "2024.10.14"]
[SourceVersion "1"]
[SourceVersionDate "2024.10.14"]
[SourceQuality "1"]

1. e4 Nf6 2. e5 Nd5 3. d4 d6 4. Nf3 dxe5 5. Nxe5 c6 6. Be2 Bf5 7. 0-0 Nd7 8. Nf3 N7f6 9. c3 e6 10. Bg5 Qc7 11. Nbd2 Be7 12. a3 0-0 13. Nh4 Ng4 14. Bxg4 Bxg5 15. Nxf5 exf5 16. Bxf5 Qf4 17. Qg4 Qxg4 18. Bxg4 Bxd2 19. Rad1 Bh6 20. g3 Rfe8 21. f4 Ne3 0-1

[Event "London Mindsports blitz op 4th"]
[Site "London"]
[Date "2024.07.23"]
[Round "10"]
[White "Clery, Liam"]
[Black "Estrada, Matias"]
[Result "1-0"]
[WhiteElo "1877"]
[BlackElo "1647"]
[PlyCount "63"]
[EventDate "2024.07.23"]
[EventType "swiss (blitz)"]
[EventRounds "14"]
[EventCountry "ENG"]
[SourceTitle "CBM 221 Extra"]
[Source "ChessBase"]
[SourceDate "2024.09.30"]
[SourceVersion "1"]
[SourceVersionDate "2024.09.30"]
[SourceQuality "1"]

1. e4 e5 2. Nc3 Nc6 3. Bc4 d6 4. Nge2 Nf6 5. d4 Be7 6. 0-0 h6 7. f4 exd4 8. Nxd4 Nxd4 9. Qxd4 Be6 10. e5 dxe5 11. Qxd8+ Rxd8 12. Bxe6 fxe6 13. fxe5 Ng4 14. Ne4 Nxe5 15. Bf4 Bd6 16. Rae1 0-0 17. Nxd6 cxd6 18. Bxe5 Rxf1+ 19. Kxf1 dxe5 20. Rxe5 Rd2 21. Rc5 Rd7 22. Ke2 Kf7 23. Ke3 Kf6 24. Rc8 a6 25. c4 e5 26. b4 Rd1 27. a4 Ra1 28. Rc7 Rxa4 29. Rxb7 Kf5 30. c5 Ra3+ 31. Kd2 Ra2+ 32. Kc3 1-0

[Event "ECF Schools-ch"]
[Site "Nottingham"]
[Date "2024.06.28"]
[Round "5.5"]
[White "Clery, Liam"]
[Black "Goyal, Krish"]
[Result "1-0"]
[WhiteElo "1797"]
[BlackElo "1623"]
[PlyCount "103"]
[EventDate "2024.06.27"]
[EventType "team-swiss"]
[EventRounds "5"]
[EventCountry "ENG"]
[SourceTitle "EXT 2025"]
[Source "ChessBase"]
[SourceDate "2024.10.14"]
[SourceVersion "1"]
[SourceVersionDate "2024.10.14"]
[SourceQuality "1"]
[WhiteTeam "St Paul School"]
[BlackTeam "King Edward School"]
[WhiteTeamCountry "ENG"]
[BlackTeamCountry "ENG"]

1. e4 c5 2. Nf3 d6 3. Bb5+ Nc6 4. 0-0 a6 5. Bxc6+ bxc6 6. c4 g6 7. d4 cxd4 8. Nxd4 Bg7 9. Nc3 c5 10. Nde2 Nf6 11. f3 0-0 12. Be3 Rb8 13. b3 Bd7 14. Qd2 a5 15. Rfd1 Rb4 16. e5 Ne8 17. exd6 exd6 18. Bxc5 dxc5 19. Qxd7 Qg5 20. Rac1 Qe5 21. Qd5 Qc7 22. Ne4 Nf6 23. Qxc5 Qxc5+ 24. Nxc5 Rc8 25. Nd3 Rb7 26. Nc3 Bh6 27. Rc2 g5 28. Re2 g4 29. Kf2 Rd7 30. Ne4 Nxe4+ 31. Rxe4 Rcd8 32. Rxg4+ Kf8 33. Ke2 Re8+ 34. Re4 Red8 35. f4 Kg7 36. g3 Kf6 37. Nf2 Rxd1 38. Nxd1 Bf8 39. Ne3 Bb4 40. Nd5+ Kf5 41. Kf3 h5 42. h3 Kg6 43. Nxb4 axb4 44. c5 Rd2 45. c6 Rxa2 46. c7 Ra8 47. Rc4 Rc8 48. Ke4 Kf6 49. Kd5 Ke7 50. Kc6 f6 51. Kb7 Kd7 52. Rd4+ 1-0

[Event "London Twickenham U18 op 5th"]
[Site "London"]
[Date "2023.12.02"]
[Round "3"]
[White "Lapidus, Alexey M"]
[Black "Clery, Liam"]
[Result "0-1"]
[WhiteElo "1511"]
[BlackElo "1468"]
[PlyCount "84"]
[EventDate "2023.12.02"]
[EventType "swiss"]
[EventRounds "5"]
[EventCountry "ENG"]
[SourceTitle "CBM 217 Extra"]
[Source "ChessBase"]
[SourceDate "2024.01.31"]
[SourceVersion "1"]
[SourceVersionDate "2024.01.31"]
[SourceQuality "1"]

1. e4 Nf6 2. e5 Nd5 3. d4 d6 4. Nf3 dxe5 5. Nxe5 c6 6. Bc4 Nd7 7. Bf4 Qa5+ 8. Bd2 Qb6 9. Bc3 Nxe5 10. Bxd5 cxd5 11. dxe5 e6 12. Bd4 Bc5 13. Bxc5 Qxc5 14. c3 0-0 15. 0-0 Bd7 16. a4 f6 17. Qd4 Qc7 18. Re1 fxe5 19. Rxe5 Rf6 20. Nd2 Raf8 21. Nf3 Rf4 22. Qe3 d4 23. cxd4 Bc6 24. Rc5 Qd6 25. Qe5 Qd7 26. Ra3 R4f5 27. Qe2 Bd5 28. a5 Qf7 29. Rcc3 Qh5 30. Re3 Qg4 31. h3 Qf4 32. Rac3 Qh6 33. Kh1 g5 34. Kg1 Rf4 35. g3 R4f6 36. Kg2 Qh5 37. Ra3 Rh6 38. h4 g4 39. Qd2 gxf3+ 40. Kh2 Rf4 41. Kg1 Rxh4 42. gxh4 Qg4+ 0-1

[Event "London Mindsports Blitz"]
[Site "London"]
[Date "2022.09.11"]
[Round "3.10"]
[White "Iyengar, Ilya"]
[Black "Clery, Liam"]
[Result "1-0"]
[WhiteElo "1853"]
[BlackElo "1624"]
[PlyCount "97"]
[EventDate "2022.09.11"]
[EventType "swiss (blitz)"]
[EventRounds "9"]
[EventCountry "ENG"]
[SourceTitle "CBM 210 Extra"]
[Source "ChessBase"]
[SourceDate "2022.11.30"]
[SourceVersion "1"]
[SourceVersionDate "2022.11.30"]
[SourceQuality "1"]

1. d4 Nf6 2. Nf3 e6 3. Bg5 Be7 4. e3 d5 5. c4 c6 6. cxd5 cxd5 7. Nc3 h6 8. Bf4 a6 9. Bd3 Nc6 10. Rc1 0-0 11. 0-0 Bd6 12. Ne5 Bxe5 13. dxe5 Nd7 14. Qh5 f5 15. exf6 Nxf6 16. Qe2 Re8 17. Rfd1 e5 18. Bg3 Be6 19. Bg6 Rf8 20. Bh4 Qc7 21. Bb1 Rae8 22. Bxf6 Rxf6 23. Nxd5 Bxd5 24. Rxd5 Qf7 25. Rcd1 Rf8 26. f3 Re8 27. a3 Kh8 28. Qc2 g6 29. Ba2 Qg7 30. b4 Rc8 31. Qb2 Qe7 32. Rd7 Qf8 33. Rxb7 Rd8 34. Rbd7 Rxd7 35. Rxd7 Rd6 36. Rxd6 Qxd6 37. Qc2 Ne7 38. Kf2 Nf5 39. Ke2 Qb6 40. Qd3 Qf6 41. Qd7 Ne7 42. Qe8+ Kg7 43. Qd7 Qf8 44. Qe6 g5 45. Qxe5+ Kg6 46. Bb1+ Kf7 47. Ba2+ Ke8 48. Qb8+ Kd7 49. Qxf8 1-0

[Event "London Mindsports Blitz"]
[Site "London"]
[Date "2022.09.11"]
[Round "1.2"]
[White "Stoyanov, Viktor"]
[Black "Clery, Liam"]
[Result "0-1"]
[WhiteElo "2216"]
[BlackElo "1624"]
[PlyCount "76"]
[EventDate "2022.09.11"]
[EventType "swiss (blitz)"]
[EventRounds "9"]
[EventCountry "ENG"]
[SourceTitle "CBM 210 Extra"]
[Source "ChessBase"]
[SourceDate "2022.11.30"]
[SourceVersion "1"]
[SourceVersionDate "2022.11.30"]
[SourceQuality "1"]

1. e4 Nf6 2. Nc3 e5 3. g3 c6 4. Bg2 d5 5. exd5 cxd5 6. d4 e4 7. Bg5 Be6 8. Nge2 Be7 9. 0-0 h6 10. Bxf6 Bxf6 11. Nf4 0-0 12. f3 Nc6 13. fxe4 Bxd4+ 14. Kh1 dxe4 15. Nxe4 Bb6 16. Nxe6 fxe6 17. Qg4 Qe7 18. h4 Rad8 19. h5 Nd4 20. c3 Nc2 21. Rxf8+ Rxf8 22. Rc1 Ne3 23. Qe2 Nxg2 24. Kxg2 Rd8 25. Rf1 Rf8 26. Re1 Rd8 27. Qg4 Qf7 28. Rf1 Qe7 29. Qg6 Rf8 30. Nf6+ Rxf6 31. Rxf6 Qxf6 32. Qe8+ Kh7 33. Qb5 Qf2+ 34. Kh3 Qf5+ 35. Qxf5+ exf5 36. g4 fxg4+ 37. Kxg4 g6 38. hxg6+ Kxg6 0-1

[Event "London Mindsports Blitz"]
[Site "London"]
[Date "2022.09.11"]
[Round "7.9"]
[White "Zhao, George"]
[Black "Clery, Liam"]
[Result "1-0"]
[WhiteElo "1537"]
[BlackElo "1624"]
[PlyCount "69"]
[EventDate "2022.09.11"]
[EventType "swiss (blitz)"]
[EventRounds "9"]
[EventCountry "ENG"]
[SourceTitle "CBM 210 Extra"]
[Source "ChessBase"]
[SourceDate "2022.11.30"]
[SourceVersion "1"]
[SourceVersionDate "2022.11.30"]
[SourceQuality "1"]

1. d4 Nf6 2. Nf3 e6 3. g3 d5 4. Bg2 Be7 5. 0-0 0-0 6. Nbd2 c5 7. dxc5 Bxc5 8. c4 Nc6 9. b3 Qe7 10. Bb2 Rd8 11. a3 a5 12. Qc2 b6 13. e3 Bb7 14. Rfd1 Rac8 15. Qc3 d4 16. exd4 Nxd4 17. Nxd4 Bxd4 18. Qc2 Bxb2 19. Qxb2 Bxg2 20. Kxg2 Rd3 21. Ne4 Rxd1 22. Nxf6+ gxf6 23. Rxd1 e5 24. Qe2 Qb7+ 25. Kg1 Qc7 26. Qg4+ Kf8 27. Qh4 Kg7 28. Qg4+ Kf8 29. Qf5 Kg7 30. Rd7 Qc6 31. Qg4+ Kf8 32. Rd5 a4 33. b4 Qxc4 34. Rd8+ Ke7 35. Qd7# 1-0